| 000 | 01790cam a22004817i 4500 | ||
|---|---|---|---|
| 999 |
_c1932 _d1932 |
||
| 001 | 19655975 | ||
| 003 | OSt | ||
| 005 | 20230220095505.0 | ||
| 008 | 170522t20182018mnua b 001 0 eng d | ||
| 010 | _a 2017943139 | ||
| 020 |
_a9781532104220 _qlibrary binding |
||
| 035 | _a(OCoLC)on1005298359 | ||
| 040 |
_aYDX _beng _cYDX _erda _dBDX _dFOLLT _dOCLCO _dOCLCF _dSINLB _dHCO _dK#T _dOWE _dOCLCO _dTS4 _dOCL _dDLC _dKH8 |
||
| 042 | _alccopycat | ||
| 043 | _af------ | ||
| 082 | 0 | 4 |
_a599.63 HAN _223 |
| 100 | 1 |
_aHansen, Grace, _eauthor. |
|
| 245 | 1 | 0 |
_aWarthog / _cby Grace Hansen. |
| 264 | 1 |
_aMinneapolis, Minnesota : _bABDO Kids, _c[2018] |
|
| 264 | 4 | _c©2018 | |
| 300 |
_a24 pages : _bcolor illustrations ; _c24 x 29 cm. |
||
| 336 |
_atext _btxt _2rdacontent |
||
| 336 |
_astill image _bsti _2rdacontent |
||
| 337 |
_aunmediated _bn _2rdamedia |
||
| 338 |
_avolume _bnc _2rdacarrier |
||
| 490 | 1 | _aAbdo Kids. African animals | |
| 500 | _aIncludes index. | ||
| 520 | _aOffers information about warthogs, including where they live, what they eat, and what they look like. | ||
| 650 | 0 |
_aWarthog _vJuvenile literature. |
|
| 650 | 0 |
_aZoology _zAfrica _vJuvenile literature. |
|
| 650 | 1 | _aWarthog. | |
| 650 | 7 |
_aWarthog. _2fast _0(OCoLC)fst01170898 |
|
| 650 | 7 |
_aZoology. _2fast _0(OCoLC)fst01184696 |
|
| 651 | 4 | _aAfrica. | |
| 651 | 7 |
_aAfrica. _2fast _0(OCoLC)fst01239509 |
|
| 655 | 7 |
_aReaders (Publications) _2fast _0(OCoLC)fst01919959 |
|
| 655 | 7 |
_aJuvenile works. _2fast _0(OCoLC)fst01411637 |
|
| 655 | 7 |
_aReaders (Publications) _2lcgft |
|
| 800 | 1 |
_aHansen, Grace. _tAfrican animals. |
|
| 906 |
_a7 _bcbc _ccopycat _d2 _encip _f20 _gy-gencatlg |
||
| 942 |
_2ddc _cNFIC |
||